市区町村シルエットクイズ③ - Statistics

General Stats
  • This quiz has been taken 208 times
  • The average score is 8 of 14
Answer Stats
Picture Hint Answer % Correct
人口: 15.2万 (2025) 釧路市(北海道)
83%
人口: 10.8万 (2025) 長浜市(滋賀県)
76%
人口: 49.5万 (2025) 松山市(愛媛県)
75%
人口: 3.2万 (2025) 南房総市(千葉県)
66%
人口: 0.6万 (2025) 八丈町(東京都)
62%
人口: 31.6万 (2025) 郡山市(福島県)
62%
人口: 12.9万 (2025) 石巻市(宮城県)
61%
人口: 35.9万 (2025) 長野市(長野県)
59%
人口: 26.2万 (2025) つくば市(茨城県)
59%
人口: 2.5万 (2025) 内灘町(石川県・河北郡)
55%
人口: 0.4万 (2025) 奈井江町(北海道・空知郡)
47%
人口: 14.1万 (2025) 各務原市(岐阜県)
37%
人口: 12.0万 (2025) 岩国市(山口県)
35%
人口: 0.2万 (2025) 木祖村(長野県・木曽郡)
28%
No matching quizzes found
Score Distribution
Percent of People with Each Score
Percentile by Number Answered
Your Score History
You have not taken this quiz